000 00505nam a2200193Ia 4500
001 57085
008 130923n ii |||gr||||Z||||||465
020 _a9788176800099
082 _a370.115
100 _aSarma,Phunu Das.
245 0 _aPhilosophy of Education
_cPhunu Das Sarma
_hTextual Documents
250 _aFirst--2013.
260 _aGauhati
_bShanti Prakashan
300 _a152pg:
_c35cm.
653 _aEducation
653 _aPhilosophy--Education
653 _aMS-Education
942 _2ddc
_cBK
999 _c57000
_d57000